000 nam a22 7a 4500
999 _c7329
_d7329
008 170814b xxu||||| |||| 00| 0 eng d
020 _a9788177001792
100 _aArora Sumita
_93867
245 _aFoundation of Information Technology
_bClass 10
260 _aNew Delhi
_bDhanpat Rai & Co
_c2016